Nová akosť pre kartóny a izolačný materiál

V Juhoslovenských celulózkach a papierňach, a.s. Štúrovo budujú projekt systémov zabezpečovania akosti podľa medzinárodnej normy ISO 9002. Certifikácia celého výrobného programu. Pokrok v obalovej technike.

Guardado en:
Detalles Bibliográficos
Autor principal: Višváder, P.
Formato: Capítulo de libro
Lenguaje:eslovaco
Materias:
Etiquetas: Agregar Etiqueta
Sin Etiquetas, Sea el primero en etiquetar este registro!

MARC

LEADER 00000naa a2200000 4500
001 r018822
005 20221213095830.7
041 0 |a slo 
044 |a SK 
245 1 0 |a Nová akosť pre kartóny a izolačný materiál  |c P. Višváder 
520 |a V Juhoslovenských celulózkach a papierňach, a.s. Štúrovo budujú projekt systémov zabezpečovania akosti podľa medzinárodnej normy ISO 9002. Certifikácia celého výrobného programu. Pokrok v obalovej technike. 
610 2 0 |a Slovensko 
610 2 0 |a 1994 
610 2 0 |a 1995 
610 2 0 |a Juhoslovenské celulózky a papierne, a.s. Štúrovo 
610 2 0 |a priemysel papiernický 
610 2 0 |a kvalita výrobkov 
610 2 0 |a certifikácia 
610 2 0 |a ISO 9002 
100 1 |a Višváder, P.